00509 2200181 4500001002100000005001500021035002000036245008200056100001600138250001700154300003200171260003500203082001000238084001700248020002200265650001400287500002600301INLIS00000000000067320240831082739 a0010-08240001911 aPetualangan Ikan Salmon :bKumpulan Cerita Hewan di Dasar Laut /cAndreko Zul0 aAndreko Zul aCetakan Ke-1 aiv, 60 hlm :bIlus ;c21 cm aJakarta :bGaneca Exact,c2007 a597.5 a597.5 AND p a978-979-571-414-9 4aPerikanan aSeri Bahasa Indonesia